• 首页
  • 本馆介绍
  • 公告通知
  • 最新文献
  • 馆藏检索
  • 电子资源
  • 读者导购
  • 参考咨询
  • 我的图书馆
  • 登录
  • 详细信息显示
  • 放入我的书架
  • 预约/预借图书
  • 作者相关作品
  • 分类相关作品
  • 丛书相关作品
  • 出版社相关作品

书目信息

  • 表格格式
  • 工作单格式
  • 卡片格式
题名:
从零起步学小号轻松入门
    
 
作者: 高健 编著
分册:  
出版信息: 上海   上海音乐学院出版社  2015
页数: 158页
开本: 28cm
丛书名: 从零学音乐入门丛书
单 册:
中图分类: J621.66
科图分类:
主题词: 小号--吹奏法
电子资源:
ISBN: 978-7-5566-0018-2
000 00885oam2 2200277 450
001 340517
005 20150625154536.96
010    @a978-7-5566-0018-2@dCNY40.00
010    @a7-88050-286-6@b光盘
100    @a20150305d2015 em y0chiy50 ea
101 0  @achi
102    @aCN@b310000
105    @aac z 000yy
106    @ar
200 1  @a从零起步学小号轻松入门@Acong ling qi bu xue xiao hao qing song ru men@f高健编著
205    @a第2版
210    @a上海@c上海音乐学院出版社@d2015
215    @a158页@c图@d28cm@e光盘1片
225 2  @a从零学音乐入门丛书
330    @a本书着重介绍了吹小号的呼吸方法、口型、发音、长音练习等较为基础的内容。同时也提供了一些较简单的小型独奏曲和二重奏曲。
410  0 @12001 @a从零学音乐入门丛书
606 0  @a小号@x吹奏法
690    @aJ621.66@v5
701  0 @a高健@Agao jian@4编著
801  0 @aCN@b卓展宏图@c20150525
905    @dJ621.66@e262=2@f4
    
    从零起步学小号轻松入门/高健编著.-第2版.-上海:上海音乐学院出版社,2015
    158页:图;28cm+光盘1片.-(从零学音乐入门丛书)
    
    
    ISBN 978-7-5566-0018-2:CNY40.00
    本书着重介绍了吹小号的呼吸方法、口型、发音、长音练习等较为基础的内容。同时也提供了一些较简单的小型独奏曲和二重奏曲。
●
相关链接 在E读中查询图书 在五车中查询图书 在当当中查询图书 在豆瓣中查询图书


正题名:从零起步学小号轻松入门     索取号:J621.66/262=2         预约/预借

序号 登录号 条形码 馆藏地/架位号 状态 备注
1 865989   208659897   第一样本阅览室/ [索取号:J621.66/262=2] 在馆    
2 865990   208659904   密集书库-音乐系/ [索取号:J621.66/262=2] 在馆    
3 865991   208659913   第一借阅区/ [索取号:J621.66/262=2] 在馆    
4 865992   208659922   第一借阅区/ [索取号:J621.66/262=2] 在馆    
唐山师范学院图书馆 欢迎您!
大连网信软件有限公司© 版权所有